[Event "VIII C.to Italiano U20"]
[Site "Paderno del Grappa ITA"]
[Date "2000.07.18"]
[Round "4"]
[White "Cortina, Federico"]
[Black "Capone, Vincenzo"]
[Result "1-0"]
[WhiteElo "1738"]
[BlackElo "2165"]
[PlyCount "59"]
[EventDate "2000.07.15"]

1.Nf3 Nf6 2.c4 g6 3.Nc3 Bg7 4.g3 O-O 5.Bg2 c6 6.O-O d6 7.d4 Nbd7 8.e4 e5 
9.h3 Re8 10.Be3 exd4 11.Nxd4 Nc5 12.Qc2 Qe7 13.Rfe1 Bd7 14.Rad1 Nfxe4 15.
Bf4 f5 16.f3 Bxd4+ 17.Rxd4 Qf6 18.Rdd1 Nxc3 19.Rxe8+ Rxe8 20.bxc3 Re6 21.
Qd2 Na4 22.Be3 Qxc3 23.Bd4 Qxc4 24.Qh6 Re7 25.Bf6 Qe2 26.Bxe7 Qxd1+ 27.Kh2
Kf7 28.Qf8+ Ke6 29.Qf6+ Kd5 30.Qxd6+ 1-0

[Event "VIII C.to Italiano U20"]
[Site "Paderno del Grappa ITA"]
[Date "2000.07.18"]
[Round "4"]
[White "Costantini, Roberto"]
[Black "Cacco, Christian"]
[Result "1-0"]
[WhiteElo "2233"]
[BlackElo "2267"]
[PlyCount "61"]
[EventDate "2000.07.15"]

1.e4 g6 2.d4 Bg7 3.Nc3 c6 4.Nf3 d6 5.Be3 Nf6 6.h3 Qc7 7.a4 a5 8.Qd2 Nbd7 
9.Rd1 O-O 10.Be2 e5 11.dxe5 dxe5 12.Bc4 Nh5 13.O-O Nf4 14.Qd6 Qxd6 15.Rxd6
Re8 16.Ng5 Re7 17.Rfd1 Nf8 18.Rd8 h6 19.Bc5 Rc7 20.Bd6 Rd7 21.Rxd7 Nxd7 
22.Nxf7 Kh7 23.Bc7 Ra7 24.Nd6 b5 25.Bxa5 Rxa5 26.Nxc8 Nf6 27.axb5 cxb5 28.
Bxb5 Bf8 29.Nd6 Bxd6 30.Rxd6 Nxe4 31.Rd7+ 1-0

[Event "VIII C.to Italiano U20"]
[Site "Paderno del Grappa ITA"]
[Date "2000.07.18"]
[Round "4"]
[White "Damia, Angelo"]
[Black "Navarro, Stefano"]
[Result "0-1"]
[WhiteElo "1720"]
[BlackElo "1792"]
[PlyCount "72"]
[EventDate "2000.07.15"]

1.e4 e5 2.Nf3 Nc6 3.Bc4 Bc5 4.O-O Nf6 5.d3 d6 6.h3 h6 7.Nc3 g5 8.Nh2 g4 9.
hxg4 Rg8 10.Be3 Nxg4 11.Qf3 Rg7 12.Nxg4 Bxg4 13.Qg3 Rg6 14.Qh2 Bf3 15.g3 
Qd7 16.Nb1 O-O-O 17.Nd2 Bg4 18.Rfe1 Nd4 19.Bxd4 Bxd4 20.c3 Bb6 21.Nb3 f5 
22.exf5 Qxf5 23.d4 e4 24.Nd2 d5 25.Be2 h5 26.Bxg4 hxg4 27.Kf1 Qg5 28.Ke2 
Re6 29.Nf1 c5 30.dxc5 Bxc5 31.Ne3 Rh6 32.Qg2 Rf6 33.Kd2 d4 34.cxd4 Bxd4 
35.Rac1+ Kb8 36.Kc2 Qb5 0-1

[Event "VIII C.to Italiano U20"]
[Site "Paderno del Grappa ITA"]
[Date "2000.07.18"]
[Round "4"]
[White "De Barba, Eric"]
[Black "Gottardo, Jacopo"]
[Result "1-0"]
[WhiteElo "1501"]
[BlackElo "1600"]
[PlyCount "47"]
[EventDate "2000.07.15"]

1.e4 e5 2.Nf3 Nc6 3.d4 exd4 4.Bc4 Bc5 5.O-O d6 6.Re1 Ne5 7.Bb3 Bg4 8.Nbd2 
Qf6 9.h3 h5 10.hxg4 hxg4 11.Nxe5 dxe5 12.Qxg4 d3 13.Nf3 dxc2 14.Bxc2 Nh6 
15.Qg3 Bd6 16.Bb3 O-O-O 17.Bg5 Nf5 18.Qg4 Qg6 19.Qxf5+ Qxf5 20.exf5 f6 21.
Be3 Rh7 22.Kf1 e4 23.Nd4 Bc5 24.Ne6 1-0

[Event "VIII C.to Italiano U20"]
[Site "Paderno del Grappa ITA"]
[Date "2000.07.18"]
[Round "4"]
[White "Galli, Fabio"]
[Black "Iafelice, Vincenzo"]
[Result "1/2-1/2"]
[WhiteElo "2107"]
[BlackElo "1903"]
[PlyCount "65"]
[EventDate "2000.07.15"]

1.e4 c5 2.Nf3 Nc6 3.d4 cxd4 4.Nxd4 e5 5.Nb5 d6 6.N1c3 a6 7.Na3 b5 8.Nd5 
Nce7 9.c4 Nxd5 10.cxd5 Be7 11.Bd3 Bg5 12.O-O Bxc1 13.Rxc1 Ne7 14.Nc2 Bd7 
15.Ne3 O-O 16.Qh5 Rc8 17.Rcd1 Rc7 18.a3 g6 19.Qg5 f5 20.exf5 Nxf5 21.Qxd8 
Rxd8 22.Rde1 Rc5 23.Be4 Rf8 24.Rc1 Nxe3 25.fxe3 Rxf1+ 26.Rxf1 Kg7 27.h3 
Bc8 28.Kh2 Bb7 29.Rd1 Bc8 30.Rf1 Bd7 31.Rf2 h6 32.g4 Be8 33.Rc2 1/2-1/2

[Event "VIII C.to Italiano U20"]
[Site "Paderno del Grappa ITA"]
[Date "2000.07.18"]
[Round "4"]
[White "Genocchio, Daniele"]
[Black "Delfino, Luigi"]
[Result "1-0"]
[WhiteElo "2201"]
[BlackElo "2126"]
[PlyCount "71"]
[EventDate "2000.07.15"]

1.e4 c6 2.d3 g6 3.g3 Bg7 4.Bg2 d6 5.Nc3 Nf6 6.Nf3 O-O 7.O-O Nh5 8.Be3 Qe8 
9.d4 f5 10.Qd2 e5 11.dxe5 dxe5 12.exf5 gxf5 13.Rfe1 Na6 14.Bd4 e4 15.Bxg7 
Nxg7 16.Ng5 Qg6 17.Nh3 Ne6 18.Ne2 Nac7 19.Nef4 Qf7 20.Rad1 Nxf4 21.Nxf4 
Qxa2 22.Qc3 Qf7 23.Bf1 Nd5 24.Nxd5 cxd5 25.Rxd5 Be6 26.Rd6 Rac8 27.Qe5 
Rfe8 28.c3 Bc4 29.Qf4 Bxf1 30.Kxf1 Rc7 31.Red1 Rf8 32.Kg1 Re7 33.R1d5 a6 
34.c4 Kh8 35.Rd8 Rxd8 36.Rxd8+ 1-0

[Event "VIII C.to Italiano U20"]
[Site "Paderno del Grappa ITA"]
[Date "2000.07.18"]
[Round "4"]
[White "Lo Curto, Emanuele"]
[Black "Quaranta, Cristiano"]
[Result "1-0"]
[WhiteElo "2132"]
[BlackElo "1468"]
[PlyCount "47"]
[EventDate "2000.07.15"]

1.e4 e5 2.Nf3 Nc6 3.Bc4 Nf6 4.d3 h6 5.Nc3 Bc5 6.Be3 Bxe3 7.fxe3 O-O 8.O-O 
d6 9.Qe1 Na5 10.Bb3 Nxb3 11.axb3 c6 12.h3 Qc7 13.Nh4 a6 14.Nf5 Bxf5 15.
Rxf5 Qe7 16.Qg3 Kh8 17.Raf1 Rg8 18.Qh4 Kh7 19.g4 g5 20.Qf2 Nxg4 21.hxg4 
Qe6 22.Rxf7+ Kh8 23.Qf6+ Qxf6 24.R1xf6 1-0

[Event "VIII C.to Italiano U20"]
[Site "Paderno del Grappa ITA"]
[Date "2000.07.18"]
[Round "4"]
[White "Mariano, Elia"]
[Black "Santacroce, Fidel"]
[Result "1-0"]
[WhiteElo "2093"]
[BlackElo "1609"]
[PlyCount "43"]
[EventDate "2000.07.15"]

1.d4 Nf6 2.c4 e6 3.Nc3 Bb4 4.Qc2 c5 5.dxc5 Nc6 6.Nf3 Bxc5 7.Bg5 Qb6 8.e3 
Be7 9.Be2 d6 10.O-O Bd7 11.Rfd1 a6 12.Rd2 Rd8 13.Rad1 Qc7 14.a3 Ne5 15.
Nxe5 dxe5 16.Ne4 Nxe4 17.Bxe7 Kxe7 18.Qxe4 Bc6 19.Qg4 g6 20.Qh4+ f6 21.
Rxd8 g5 22.Rxh8 1-0

[Event "VIII C.to Italiano U20"]
[Site "Paderno del Grappa ITA"]
[Date "2000.07.18"]
[Round "4"]
[White "Nardelli, Marco"]
[Black "Forato, Piero"]
[Result "1/2-1/2"]
[WhiteElo "1479"]
[BlackElo "2050"]
[PlyCount "50"]
[EventDate "2000.07.15"]

1.e4 c5 2.Nf3 d6 3.d4 cxd4 4.Nxd4 Nf6 5.Nc3 a6 6.Bg5 e6 7.f4 Be7 8.Qf3 Qc7
9.O-O-O Nbd7 10.g4 b5 11.Bxf6 Nxf6 12.g5 Nd7 13.f5 Bxg5+ 14.Kb1 Ne5 15.Qh5
Qd8 16.Nxe6 Bxe6 17.fxe6 O-O 18.exf7+ Rxf7 19.Nd5 g6 20.Qh3 Kh8 21.Bd3 Qf8
22.Rhf1 Raa7 23.Rxf7 Rxf7 24.Rf1 Nf3 25.Ka1 Bd8 1/2-1/2

[Event "VIII C.to Italiano U20"]
[Site "Paderno del Grappa ITA"]
[Date "2000.07.18"]
[Round "4"]
[White "Navarro, Tommaso"]
[Black "Cedriano, Filippo"]
[Result "0-1"]
[WhiteElo "1446"]
[BlackElo "1582"]
[PlyCount "54"]
[EventDate "2000.07.15"]

1.e4 c5 2.Nf3 d6 3.d4 cxd4 4.Nxd4 Nf6 5.Nc3 a6 6.Be2 e6 7.f4 Be7 8.O-O O-O
9.Be3 b5 10.a3 Bb7 11.Bf3 Qc7 12.Kh1 Nbd7 13.g4 Nc5 14.e5 dxe5 15.Bxb7 
Qxb7+ 16.Nf3 Nxg4 17.Qe2 Ne4 18.Kg2 Rac8 19.Bd2 Nxd2 20.Qxd2 Rfd8 21.Qe2 
exf4 22.Kh3 Ne3 23.Rg1 Rc5 24.Ne1 Rd2 25.b4 Rxe2 26.bxc5 Rxe1 27.Raxe1 
Qf3+ 0-1

[Event "VIII C.to Italiano U20"]
[Site "Paderno del Grappa ITA"]
[Date "2000.07.18"]
[Round "4"]
[White "Pelosin, Matteo"]
[Black "Lorusso, Giuseppe"]
[Result "1/2-1/2"]
[WhiteElo "1609"]
[BlackElo "1774"]
[PlyCount "95"]
[EventDate "2000.07.15"]

1.e4 c5 2.c3 d5 3.exd5 Qxd5 4.d4 Nf6 5.Nf3 Bg4 6.Be2 e6 7.O-O Nc6 8.Be3 
cxd4 9.cxd4 Be7 10.Nc3 Qa5 11.Rc1 O-O 12.a3 Rfd8 13.Nb5 Rd7 14.b4 Qd8 15.
Qb3 Nd5 16.Rfd1 Bf6 17.Kf1 Qf8 18.Nc3 Nce7 19.Nxd5 Nxd5 20.Kg1 Rad8 21.Qa2
Rc8 22.Rxc8 Qxc8 23.Rc1 Rc7 24.Rxc7 Qxc7 25.Bd2 Nc3 26.Bxc3 Qxc3 27.h3 
Bxf3 28.Bxf3 Bxd4 29.Be2 Kf8 30.b5 Ke7 31.a4 Kd6 32.a5 Kc5 33.a6 b6 34.Bf1
Be5 35.Qe2 Bd6 36.Qh5+ Kb4 37.Qxf7 Qe5 38.g3 Bc5 39.Qf3 Qd4 40.Qe2 e5 41.
Qe1+ Qc3 42.Qb1+ Ka3 43.Kg2 Qd2 44.Qd3+ Qxd3 45.Bxd3 h6 46.f4 exf4 47.gxf4
Kb4 48.Kf3 1/2-1/2

[Event "VIII C.to Italiano U20"]
[Site "Paderno del Grappa ITA"]
[Date "2000.07.18"]
[Round "4"]
[White "Pulito, Alberto"]
[Black "Castaldo, Folco"]
[Result "0-1"]
[WhiteElo "2086"]
[BlackElo "2227"]
[PlyCount "52"]
[EventDate "2000.07.15"]

1.e4 c5 2.c3 Nf6 3.e5 Nd5 4.d4 cxd4 5.Nf3 d6 6.cxd4 Nc6 7.Bc4 Nb6 8.Bb5 
dxe5 9.Nxe5 Bd7 10.Bxc6 Bxc6 11.Nxc6 bxc6 12.O-O g6 13.Re1 Bg7 14.Bg5 Nc8 
15.Qa4 Qb6 16.Nc3 O-O 17.Rad1 Rd8 18.Re4 Nd6 19.Rxe7 Nf5 20.Re2 Rxd4 21.
Rxd4 Nxd4 22.Re4 Ne6 23.Bc1 Nc5 24.Qc4 Nxe4 25.Qxe4 Rd8 26.Bg5 Qxb2 0-1

[Event "VIII C.to Italiano U20"]
[Site "Paderno del Grappa ITA"]
[Date "2000.07.18"]
[Round "4"]
[White "Sardo, Gabriele"]
[Black "De Bortoli, Peter"]
[Result "0-1"]
[WhiteElo "2189"]
[BlackElo "2195"]
[PlyCount "102"]
[EventDate "2000.07.15"]

1.e4 c5 2.Nc3 e6 3.f4 Ne7 4.Nf3 d6 5.Bc4 a6 6.O-O b5 7.Be2 Bb7 8.d3 g6 9.
Qe1 Bg7 10.Be3 Nbc6 11.a4 Nd4 12.Rc1 b4 13.Nd1 a5 14.c3 Nxe2+ 15.Qxe2 O-O 
16.c4 Qd7 17.b3 Rae8 18.Qf2 f5 19.Qc2 Nc6 20.Nf2 e5 21.g3 exf4 22.gxf4 Nd4
23.Nxd4 cxd4 24.Bd2 Bh6 25.c5 dxc5 26.Qxc5 fxe4 27.dxe4 Bxf4 28.Bxf4 Rxf4 
29.Qc7 Qxc7 30.Rxc7 Bxe4 31.Nxe4 Rxf1+ 32.Kxf1 Rxe4 33.Rc5 d3 34.Rd5 Re2 
35.Rxa5 Rxh2 36.Rd5 d2 37.a5 Rh3 38.Ke2 Rxb3 39.Rxd2 Ra3 40.Rb2 Rxa5 41.
Rxb4 Rf5 42.Rb7 h5 43.Ke3 Rf7 44.Rb5 Kg7 45.Rc5 h4 46.Rc4 g5 47.Rb4 Kg6 
48.Rb6+ Kh5 49.Rb8 Kg4 50.Rb1 h3 51.Rg1+ Kh4 0-1

[Event "VIII C.to Italiano U20"]
[Site "Paderno del Grappa ITA"]
[Date "2000.07.18"]
[Round "4"]
[White "Sedani, Elisa"]
[Black "Tonon, Gabriele"]
[Result "0-1"]
[WhiteElo "1533"]
[BlackElo "1600"]
[PlyCount "56"]
[EventDate "2000.07.15"]

1.e4 c5 2.Nf3 Nc6 3.d4 cxd4 4.Nxd4 e6 5.Nc3 a6 6.a3 Nge7 7.Be2 Nxd4 8.Qxd4
Nc6 9.Qd1 b5 10.O-O Bb7 11.Be3 Qc7 12.f4 Rc8 13.e5 Na5 14.Rb1 Nc4 15.Bd4 
Bc5 16.Bf3 Bxf3 17.Rxf3 O-O 18.Ne4 d6 19.Rh3 Bxd4+ 20.Kh1 f6 21.Qxd4 dxe5 
22.fxe5 Qxe5 23.Qd3 Rfd8 24.Qf3 Nd2 25.Nxd2 Rxd2 26.Qe3 Qxe3 27.Rxe3 Rcxc2
28.Rxe6 Rxg2 0-1

[Event "VIII C.to Italiano U20"]
[Site "Paderno del Grappa ITA"]
[Date "2000.07.18"]
[Round "4"]
[White "Tomba, Ivan"]
[Black "Goi, Veronika"]
[Result "1-0"]
[WhiteElo "2022"]
[BlackElo "1633"]
[PlyCount "49"]
[EventDate "2000.07.15"]

1.e4 e6 2.d4 d5 3.e5 c5 4.c3 Nc6 5.Nf3 Qb6 6.a3 Bd7 7.b4 cxd4 8.cxd4 Rc8 
9.Bb2 Be7 10.Nc3 Qd8 11.Rc1 Nh6 12.Bd3 O-O 13.Qc2 g6 14.Qd2 Nf5 15.Bxf5 
exf5 16.Nxd5 f6 17.O-O fxe5 18.b5 Be6 19.Nxe7+ Nxe7 20.Rxc8 Nxc8 21.Nxe5 
Nb6 22.d5 Nxd5 23.Re1 Nc7 24.Qh6 Qf6 25.Nd7 1-0

[Event "VIII C.to Italiano U20"]
[Site "Paderno del Grappa ITA"]
[Date "2000.07.19"]
[Round "5"]
[White "Artizzu, Giulio"]
[Black "Albertazzi, Lorenzo"]
[Result "1-0"]
[WhiteElo "2095"]
[BlackElo "1636"]
[PlyCount "57"]
[EventDate "2000.07.15"]

1.e4 c5 2.Nf3 d6 3.d4 cxd4 4.Nxd4 Nf6 5.Nc3 a6 6.Bc4 e6 7.O-O b5 8.Bb3 Be7
9.a3 O-O 10.f4 Bb7 11.f5 e5 12.Nde2 Nxe4 13.Nxe4 Bxe4 14.Ng3 Bb7 15.f6 
Bxf6 16.Nh5 Nd7 17.Qg4 g6 18.Qxd7 Qb6+ 19.Kh1 gxh5 20.Rxf6 Qd4 21.Rxf7 
Bxg2+ 22.Kxg2 Qe4+ 23.Kh3 Qg4+ 24.Qxg4+ hxg4+ 25.Kxg4 Rxf7 26.Bh6 Rd8 27.
Bd5 Rc8 28.Rf1 Rc7 29.Rf6 1-0

[Event "VIII C.to Italiano U20"]
[Site "Paderno del Grappa ITA"]
[Date "2000.07.19"]
[Round "5"]
[White "Berni, Giorgio"]
[Black "Genocchio, Daniele"]
[Result "1-0"]
[WhiteElo "1905"]
[BlackElo "2201"]
[PlyCount "79"]
[EventDate "2000.07.15"]

1.e4 c5 2.Nf3 Nc6 3.Bb5 g6 4.O-O Bg7 5.c3 Nf6 6.d4 cxd4 7.cxd4 Nxe4 8.d5 
Nd6 9.Bd3 Nb4 10.Nc3 Nxd3 11.Qxd3 O-O 12.Bf4 Nf5 13.g4 Nh6 14.h3 e5 15.
Bxe5 Bxe5 16.Nxe5 d6 17.Qe3 Qh4 18.Nd3 f5 19.Qg3 Qd8 20.f3 b5 21.Kh2 b4 
22.Nxb4 Qb6 23.Nd3 Ba6 24.Rad1 fxg4 25.hxg4 Bxd3 26.Rxd3 Qxb2+ 27.Kh3 Rac8
28.Rf2 Qc1 29.Ne4 Rc4 30.Nxd6 Rcf4 31.Nf5 Nxf5 32.gxf5 R8xf5 33.Kg2 Rb4 
34.f4 Rh5 35.Qg4 Qh1+ 36.Kg3 Re4 37.d6 Re1 38.Rg2 Rh2 39.Rxh2 Rg1+ 40.Kh3 
1-0

[Event "VIII C.to Italiano U20"]
[Site "Paderno del Grappa ITA"]
[Date "2000.07.19"]
[Round "5"]
[White "Cacco, Christian"]
[Black "Tomba, Ivan"]
[Result "1/2-1/2"]
[WhiteElo "2267"]
[BlackElo "2022"]
[PlyCount "29"]
[EventDate "2000.07.15"]

1.d4 Nf6 2.Nf3 g6 3.g3 Bg7 4.Bg2 d6 5.c4 O-O 6.Nc3 c5 7.O-O Nc6 8.d5 Na5 
9.Qd3 Rb8 10.Bg5 a6 11.a4 h6 12.Bf4 Nh5 13.e4 Nxf4 14.gxf4 Nb3 15.Rad1 
1/2-1/2

[Event "VIII C.to Italiano U20"]
[Site "Paderno del Grappa ITA"]
[Date "2000.07.19"]
[Round "5"]
[White "Capone, Vincenzo"]
[Black "Damia, Angelo"]
[Result "1/2-1/2"]
[WhiteElo "2165"]
[BlackElo "1720"]
[PlyCount "28"]
[EventDate "2000.07.15"]

1.e4 c5 2.Nf3 a6 3.d4 cxd4 4.Nxd4 Nf6 5.Nc3 e5 6.Nb3 Bb4 7.Bd3 Bxc3+ 8.
bxc3 O-O 9.Bg5 h6 10.Bh4 Nc6 11.O-O g5 12.Bg3 d6 13.Qe2 Ne7 14.Rad1 Ng6 
1/2-1/2

[Event "VIII C.to Italiano U20"]
[Site "Paderno del Grappa ITA"]
[Date "2000.07.19"]
[Round "5"]
[White "Castaldo, Folco"]
[Black "Costantini, Roberto"]
[Result "1-0"]
[WhiteElo "2227"]
[BlackElo "2233"]
[PlyCount "71"]
[EventDate "2000.07.15"]

1.e4 c5 2.Nc3 d6 3.f4 Nc6 4.Nf3 g6 5.Bc4 Bg7 6.O-O e6 7.f5 exf5 8.d3 h6 9.
exf5 Bxf5 10.g4 Be6 11.Re1 Bxc3 12.bxc3 d5 13.Bb5 Ne7 14.Ne5 Qa5 15.Bxc6+ 
Nxc6 16.Nxf7 Kxf7 17.Qf3+ Kg7 18.Rxe6 Raf8 19.Qxd5 Qa4 20.Qe4 Qxe4 21.Rxe4
Re8 22.Re3 h5 23.gxh5 Rxe3 24.Bxe3 Rxh5 25.Kg2 b6 26.Bf4 Rf5 27.Bg3 Rf7 
28.Re1 Re7 29.Rxe7+ Nxe7 30.Kf3 Kf6 31.Ke4 Ke6 32.c4 Nc6 33.c3 Na5 34.Bf4 
Kf6 35.Kd5 Kf5 36.Bb8 1-0

[Event "VIII C.to Italiano U20"]
[Site "Paderno del Grappa ITA"]
[Date "2000.07.19"]
[Round "5"]
[White "Cedriano, Filippo"]
[Black "Lo Curto, Emanuele"]
[Result "0-1"]
[WhiteElo "1582"]
[BlackElo "2132"]
[PlyCount "86"]
[EventDate "2000.07.15"]

1.d4 Nf6 2.Nf3 g6 3.c4 Bg7 4.Nc3 O-O 5.e4 d6 6.Be2 e5 7.d5 a5 8.O-O Na6 9.
Bg5 h6 10.Bh4 Qe8 11.Nd2 Bd7 12.h3 Nh7 13.g4 Bf6 14.Bxf6 Nxf6 15.f4 Nc5 
16.f5 Qe7 17.Qe1 g5 18.Kg2 Kg7 19.Rh1 Rh8 20.h4 Rab8 21.hxg5 hxg5 22.Qf2 
c6 23.Rad1 cxd5 24.Qe3 Rbg8 25.Rxh8 Rxh8 26.Qxg5+ Kf8 27.cxd5 b5 28.Rh1 
Rg8 29.Qh6+ Ke8 30.g5 b4 31.Kf3 Nh7 32.f6 Nxg5+ 33.Qxg5 Rxg5 34.fxe7 bxc3 
35.bxc3 Kxe7 36.Nb3 Bg4+ 37.Ke3 Bxe2 38.Kxe2 Rg2+ 39.Ke3 Rg3+ 40.Kd2 Nxe4+
41.Ke2 Nxc3+ 42.Kf2 Ne4+ 43.Ke2 a4 0-1

[Event "VIII C.to Italiano U20"]
[Site "Paderno del Grappa ITA"]
[Date "2000.07.19"]
[Round "5"]
[White "De Bortoli, Peter"]
[Black "Coratella, Giuseppe"]
[Result "1/2-1/2"]
[WhiteElo "2195"]
[BlackElo "2077"]
[PlyCount "129"]
[EventDate "2000.07.15"]

1.c4 g6 2.d4 Bg7 3.Nc3 d6 4.g3 Nd7 5.Bg2 e5 6.e3 Ne7 7.Nge2 O-O 8.O-O exd4
9.Nxd4 Ne5 10.b3 Bg4 11.f3 Bd7 12.Bb2 N7c6 13.Qd2 Re8 14.Nd5 Ne7 15.f4 Ng4
16.Rfe1 c6 17.Nxe7+ Qxe7 18.e4 Rad8 19.h3 Nf6 20.Kh2 a6 21.Re2 c5 22.Nc2 
Ng4+ 23.hxg4 Bxb2 24.Rb1 Bg7 25.Bf3 Bc6 26.b4 b5 27.a4 bxa4 28.b5 axb5 29.
cxb5 Bb7 30.Na3 Qc7 31.Qc2 Ra8 32.Qc4 g5 33.Kg2 gxf4 34.gxf4 Qe7 35.Qd3 
Qf6 36.Kg3 Qc3 37.Rd1 Qb3 38.Nc4 Qxb5 39.Rb1 Qc6 40.Rb6 Qc7 41.Rxd6 Rad8 
42.Rh2 h6 43.e5 Bxf3 44.Qxf3 Rb8 45.Rhd2 Rb3 46.R2d3 Reb8 47.Qe4 Bf8 48.
Rd5 Rxd3+ 49.Rxd3 Rb3 50.e6 fxe6 51.Qxe6+ Qf7 52.Qe4 Qd7 53.Qg6+ Bg7 54.
Nd6 c4 55.Rxb3 cxb3 56.Nf5 b2 57.Nxg7 Qxg7 58.Qe8+ Qf8 59.Qe6+ Kg7 60.Qd7+
Qf7 61.Qd4+ Qf6 62.Qd7+ Kf8 63.Qc8+ Kf7 64.Qb7+ Ke8 65.Qb8+ 1/2-1/2

[Event "VIII C.to Italiano U20"]
[Site "Paderno del Grappa ITA"]
[Date "2000.07.19"]
[Round "5"]
[White "Delfino, Luigi"]
[Black "Cortina, Federico"]
[Result "1-0"]
[WhiteElo "2126"]
[BlackElo "1738"]
[PlyCount "43"]
[EventDate "2000.07.15"]

1.d4 Nf6 2.e3 g6 3.Bd3 Bg7 4.Nf3 O-O 5.O-O d6 6.b3 Nbd7 7.Bb2 Re8 8.Bc4 h6
9.Re1 a6 10.e4 d5 11.Bd3 b6 12.Nbd2 Bb7 13.Qe2 e5 14.Nxe5 Nxe5 15.dxe5 
Nxe4 16.f4 Nc5 17.Rf1 Nxd3 18.cxd3 Qd7 19.d4 Rac8 20.f5 c5 21.e6 fxe6 22.
f6 1-0

[Event "VIII C.to Italiano U20"]
[Site "Paderno del Grappa ITA"]
[Date "2000.07.19"]
[Round "5"]
[White "Forato, Piero"]
[Black "De Barba, Eric"]
[Result "1/2-1/2"]
[WhiteElo "2050"]
[BlackElo "1501"]
[PlyCount "45"]
[EventDate "2000.07.15"]

1.e4 c5 2.Nf3 d6 3.d4 cxd4 4.Nxd4 Nf6 5.Nc3 a6 6.Bg5 Nbd7 7.f4 Qa5 8.Nb3 
Qc7 9.Bd3 b5 10.a3 Bb7 11.O-O h6 12.Bh4 g6 13.Qe2 Bg7 14.Rae1 O-O 15.e5 
dxe5 16.fxe5 Nd5 17.Nxd5 Bxd5 18.Bxe7 Rfe8 19.Bd6 Qb6+ 20.Qf2 Qxf2+ 21.
Rxf2 Re6 22.Be4 Bxe4 23.Rxe4 1/2-1/2

[Event "VIII C.to Italiano U20"]
[Site "Paderno del Grappa ITA"]
[Date "2000.07.19"]
[Round "5"]
[White "Goi, Veronika"]
[Black "Arcion, Riccardo"]
[Result "0-1"]
[WhiteElo "1633"]
[BlackElo "1804"]
[PlyCount "112"]
[EventDate "2000.07.15"]

1.d4 d5 2.Bf4 Nf6 3.Nd2 e6 4.Ngf3 c5 5.e3 Nc6 6.Rc1 Bd7 7.Be2 Be7 8.O-O 
O-O 9.dxc5 Bxc5 10.Nb3 Be7 11.Nbd4 a6 12.c3 Rc8 13.Bd3 h6 14.h3 Ne4 15.
Nxc6 Bxc6 16.Ne5 Nf6 17.Bh2 Nd7 18.Qg4 f5 19.Qh5 Nf6 20.Qe2 Bd6 21.f4 Ne4 
22.g4 Bxe5 23.fxe5 fxg4 24.Qxg4 Qg5 25.Bf4 Qxg4+ 26.hxg4 g5 27.Bh2 Nc5 28.
Bb1 Bb5 29.Rxf8+ Rxf8 30.Kg2 Be2 31.Bg1 Bxg4 32.c4 Bf3+ 33.Kg3 Ne4+ 34.Kh2
dxc4 35.Bxe4 Bxe4 36.Rxc4 Bd5 37.Rc7 Rf5 38.e4 Bxe4 39.Re7 Bd5 40.a3 Rxe5 
41.Bd4 Re4 42.Bf6 Rf4 43.Rg7+ Kf8 44.Bc3 Rf3 45.Rg6 Rf1 46.Kg3 Rh1 47.Rf6+
Ke7 48.Rg6 Kd6 49.Bg7 Rg1+ 50.Kf2 Rg2+ 51.Ke3 h5 52.Rf6 h4 53.Rf7 h3 54.
Bf8+ Kc6 55.Rf1 h2 56.Rh1 Rxb2 0-1

[Event "VIII C.to Italiano U20"]
[Site "Paderno del Grappa ITA"]
[Date "2000.07.19"]
[Round "5"]
[White "Iafelice, Vincenzo"]
[Black "Mariano, Elia"]
[Result "1/2-1/2"]
[WhiteElo "1903"]
[BlackElo "2093"]
[PlyCount "26"]
[EventDate "2000.07.15"]

1.e4 e6 2.d4 d5 3.Nd2 c5 4.exd5 Qxd5 5.Ngf3 cxd4 6.Bc4 Qd6 7.O-O Nf6 8.Nb3
Nc6 9.Nbxd4 Nxd4 10.Nxd4 Bd7 11.c3 Be7 12.Qf3 O-O 13.Bd3 Qc7 1/2-1/2

[Event "VIII C.to Italiano U20"]
[Site "Paderno del Grappa ITA"]
[Date "2000.07.19"]
[Round "5"]
[White "Lorusso, Giuseppe"]
[Black "Nardelli, Marco"]
[Result "0-1"]
[WhiteElo "1774"]
[BlackElo "1479"]
[PlyCount "88"]
[EventDate "2000.07.15"]

1.d4 Nf6 2.c4 g6 3.Nc3 Bg7 4.e4 d6 5.Nf3 O-O 6.Be2 e5 7.O-O exd4 8.Nxd4 
Nc6 9.Nxc6 bxc6 10.Bg5 h6 11.Bh4 g5 12.Bg3 Re8 13.Qc2 Nxe4 14.Nxe4 f5 15.
Nxg5 Qxg5 16.f4 Qg6 17.Bf2 Rb8 18.Rab1 c5 19.Bf3 Bb7 20.Bxb7 Rxb7 21.b3 
Bd4 22.Rfe1 Rbb8 23.Rbd1 Rxe1+ 24.Rxe1 Re8 25.Qd2 Re6 26.Kf1 Bxf2 27.Rxe6 
Qxe6 28.Kxf2 c6 29.Qa5 Qe7 30.Qe1 Qh4+ 31.Ke2 Qxf4 32.Qg3+ Qxg3 33.hxg3 
Kf7 34.Ke3 Kf6 35.a3 Ke5 36.b4 cxb4 37.axb4 a6 38.Kd3 d5 39.cxd5 Kxd5 40.
Kc3 h5 41.Kd3 c5 42.bxc5 Kxc5 43.Ke3 a5 44.Kf4 a4 0-1

[Event "VIII C.to Italiano U20"]
[Site "Paderno del Grappa ITA"]
[Date "2000.07.19"]
[Round "5"]
[White "Mogranzini, Roberto"]
[Black "Sardo, Gabriele"]
[Result "1/2-1/2"]
[WhiteElo "1969"]
[BlackElo "2189"]
[PlyCount "59"]
[EventDate "2000.07.15"]

1.e4 c5 2.Nf3 d6 3.Bb5+ Nc6 4.O-O Bd7 5.Re1 Nf6 6.c3 a6 7.Bxc6 Bxc6 8.d4 
Bxe4 9.Bg5 Bxb1 10.Rxb1 d5 11.Bxf6 gxf6 12.dxc5 e6 13.b4 Be7 14.Nd4 h5 15.
Qf3 Qd7 16.c4 Rd8 17.Rbd1 e5 18.cxd5 Qxd5 19.Qxd5 Rxd5 20.Nf5 Rxd1 21.Rxd1
Rg8 22.Nd6+ Bxd6 23.Rxd6 Rg4 24.Rb6 a5 25.bxa5 Rc4 26.g3 Rxc5 27.Rxb7 Rxa5
28.Rb8+ Ke7 29.Rb7+ Ke6 30.Rb6+ 1/2-1/2

[Event "VIII C.to Italiano U20"]
[Site "Paderno del Grappa ITA"]
[Date "2000.07.19"]
[Round "5"]
[White "Navarro, Stefano"]
[Black "Galli, Fabio"]
[Result "1/2-1/2"]
[WhiteElo "1792"]
[BlackElo "2107"]
[PlyCount "35"]
[EventDate "2000.07.15"]

1.e4 e5 2.Nf3 Nc6 3.Bc4 Nf6 4.Ng5 d5 5.exd5 Na5 6.Bb5+ c6 7.dxc6 bxc6 8.
Be2 h6 9.Nf3 e4 10.Ne5 Qd4 11.Ng4 Bxg4 12.Bxg4 Bd6 13.c3 Qe5 14.Be2 O-O 
15.g3 Nb7 16.O-O Nd5 17.d3 f5 18.dxe4 1/2-1/2

[Event "VIII C.to Italiano U20"]
[Site "Paderno del Grappa ITA"]
[Date "2000.07.19"]
[Round "5"]
[White "Quaranta, Cristiano"]
[Black "Pelosin, Matteo"]
[Result "0-1"]
[WhiteElo "1468"]
[BlackElo "1609"]
[PlyCount "36"]
[EventDate "2000.07.15"]

1.e4 e6 2.d4 d5 3.e5 c5 4.c3 Qb6 5.Nf3 Nc6 6.Be2 Nh6 7.Na3 cxd4 8.cxd4 
Bb4+ 9.Kf1 Bxa3 10.bxa3 Nf5 11.Be3 Bd7 12.Rb1 Nxe3+ 13.fxe3 Qc7 14.Kf2 O-O
15.Qd3 f6 16.exf6 Rxf6 17.g3 e5 18.dxe5 Nxe5 0-1

[Event "VIII C.to Italiano U20"]
[Site "Paderno del Grappa ITA"]
[Date "2000.07.19"]
[Round "5"]
[White "Santacroce, Fidel"]
[Black "Chindemi, Giuseppe"]
[Result "1-0"]
[WhiteElo "1609"]
[BlackElo "1500"]
[PlyCount "129"]
[EventDate "2000.07.15"]

1.e4 c5 2.Nf3 Nc6 3.Nc3 d6 4.Bc4 g6 5.d3 Bg7 6.h3 Nf6 7.Bg5 O-O 8.Qd2 Be6 
9.Bb3 Nd7 10.Bh6 Nde5 11.Nxe5 Nxe5 12.Bxg7 Kxg7 13.f4 Nc6 14.Ne2 Qa5 15.
Qc3+ Kg8 16.O-O Bxb3 17.axb3 Qb6 18.Kh1 Rac8 19.Qd2 f5 20.exf5 Rxf5 21.Ng3
Rf6 22.f5 Rcf8 23.fxg6 Rxg6 24.Rxf8+ Kxf8 25.Rf1+ Ke8 26.Qf4 Rf6 27.Qe4 
Rxf1+ 28.Nxf1 Qb4 29.Qf3 Qe1 30.Kg1 Nd4 31.Qh5+ Kd8 32.Qf7 Ne2+ 33.Kh2 Qc1
34.Qf2 Qxc2 35.Ng3 Nd4 36.Qf8+ Kd7 37.Nf5 Nxf5 38.Qxf5+ Kc6 39.Qxh7 Qxb2 
40.Qe4+ Kb6 41.Qxe7 Qd4 42.Qe4 Qf6 43.h4 d5 44.Qg4 Kb5 45.h5 Qh6 46.Qd7+ 
Ka5 47.Qxd5 b6 48.Qe5 Kb4 49.Kh3 Kxb3 50.g4 a5 51.Kh4 Qd2 52.g5 Qf2+ 53.
Qg3 Qd4+ 54.Kh3 a4 55.g6 Qd7+ 56.Qg4 Qg7 57.Qe6+ Kc2 58.Kg4 Qd4+ 59.Kg5 
Qg1+ 60.Kh6 Qc1+ 61.Kh7 Qg5 62.h6 a3 63.g7 Qg3 64.g8=Q Qxd3+ 65.Qgg6 1-0

[Event "VIII C.to Italiano U20"]
[Site "Paderno del Grappa ITA"]
[Date "2000.07.19"]
[Round "5"]
[White "Sorcinelli, Francesco"]
[Black "Sedani, Elisa"]
[Result "1-0"]
[WhiteElo "1650"]
[BlackElo "1533"]
[PlyCount "73"]
[EventDate "2000.07.15"]

1.e4 c5 2.Nc3 d6 3.f4 Nf6 4.Nf3 a6 5.a4 g6 6.Bc4 e6 7.Qe2 Nc6 8.d3 Bd7 9.
O-O Nd4 10.Qf2 b5 11.Ba2 Ng4 12.Qd2 Bg7 13.Ne2 Nxf3+ 14.Rxf3 Bc6 15.h3 Nf6
16.Qe1 O-O 17.g4 Nd7 18.Ng3 Qb6 19.c3 Kh8 20.h4 b4 21.f5 Ne5 22.Qf1 Nxf3+ 
23.Qxf3 b3 24.Bb1 exf5 25.gxf5 Bxc3 26.Bh6 Bxb2 27.Ra3 Bxa3 28.fxg6 fxg6 
29.Bxf8 Bb2 30.Bxd6 c4+ 31.Kh2 cxd3 32.h5 Bxa4 33.e5 Bc6 34.Qf6+ Kg8 35.h6
Ra7 36.Qe6+ Rf7 37.Qc8+ 1-0